UBT Library

The Power to heal : (Record no. 40984)

000 -LEADER
fixed length control field 00642pam a2200217 a 4500
001 - CONTROL NUMBER
control field 2928889
005 - DATE AND TIME OF LATEST TRANSACTION
control field 20180126072421.0
008 - FIXED-LENGTH DATA ELEMENTS--GENERAL INFORMATION
fixed length control field 891130s1990 nyua 000 0 eng
010 ## - LIBRARY OF CONGRESS CONTROL NUMBER
LC control number 89071017
020 ## - INTERNATIONAL STANDARD BOOK NUMBER
International Standard Book Number 0136845495 :
Terms of availability $40.00
040 ## - CATALOGING SOURCE
Original cataloging agency DLC
Transcribing agency DLC
Modifying agency DLC
041 ## - LANGUAGE CODE
Language code of text/sound track or separate title eng
080 ## - UNIVERSAL DECIMAL CLASSIFICATION NUMBER
Universal Decimal Classification number 610 dou
082 00 - DEWEY DECIMAL CLASSIFICATION NUMBER
Classification number 610 dou
Edition number 20
100 ## - Rafti
Rafti 3
101 ## - Shkurtesa
Shkurtesa shm
245 04 - TITLE STATEMENT
Title The Power to heal :
Statement of responsibility, etc [compiled by] Rick Smolan, Phillip Moffitt, Matthew Naythons.
906 ## - LOCAL DATA ELEMENT F, LDF (RLIN)
a 7
b cbu
c orignew
d 1
e opcn
f 19
g y-gencatlg
942 ## - ADDED ENTRY ELEMENTS (KOHA)
Source of classification or shelving scheme
Item type Books
Holdings
Withdrawn status Lost status Source of classification or shelving scheme Damaged status Not for loan Collection code Permanent location Current location Shelving location Date acquired Total Checkouts Full call number Barcode Date last seen Price effective from Koha item type
          Koleksioni i përgjithshem UBT - Lipjan UBT - Lipjan Koleksioni i përgjithshem 01/26/2018   610 dou 002-2996530 01/26/2018 01/26/2018 Books
UBT Library © 2015-2024. All rights reserved University Education for Business and Technology